[Event "SR 2. liga A 2014/2015"]
[Site "?"]
[Date "2014.11.08"]
[Round "3.4"]
[White "Sosovicka, Juraj"]
[Black "Bury, Rastislav"]
[Result "1/2-1/2"]
[WhiteElo "2215"]
[BlackElo "2147"]
[PlyCount "88"]
[EventDate "2014.??.??"]

1. e4 c5 2. Nf3 d6 3. d4 cxd4 4. Nxd4 Nf6 5. Nc3 a6 6. Be3 e5 7. Nb3 Be6 8. f3
Be7 9. Qd2 Nbd7 10. g4 b5 11. g5 b4 12. Nd5 Nxd5 13. exd5 Bf5 14. h4 a5 15. Bd3
Bxd3 16. Qxd3 Qc7 17. O-O-O O-O 18. Nd2 Nc5 19. Bxc5 dxc5 20. d6 Bxd6 21. Nc4
Be7 22. Qf5 Rad8 23. Nxe5 Rxd1+ 24. Rxd1 Bd6 25. Ng4 Rd8 26. Kb1 Be7 27. Re1
Qg3 28. Qe4 Bf8 29. Ne5 Rd4 30. Qe3 Rd6 31. h5 Re6 32. f4 Qxe3 33. Rxe3 f6 34.
gxf6 Rxf6 35. Re4 Rf5 36. h6 gxh6 37. a3 Bd6 38. Nc4 Bxf4 39. Nxa5 bxa3 40.
bxa3 h5 41. Nc6 Kf7 42. Ne7 Re5 43. Rxf4+ Kxe7 44. a4 Kd6 1/2-1/2

[Event "SR 2. liga A 2014/2015"]
[Site "?"]
[Date "2014.11.08"]
[Round "3.4"]
[White "Jablonicky, Frantisek"]
[Black "Duben, Igor"]
[Result "0-1"]
[WhiteElo "2126"]
[BlackElo "2198"]
[PlyCount "70"]
[EventDate "2014.??.??"]

1. Nf3 d5 2. d4 Nf6 3. c4 c6 4. Qc2 g6 5. g3 Bg7 6. Bg2 O-O 7. O-O Bf5 8. Qb3
Qb6 9. c5 Qxb3 10. axb3 Nbd7 11. b4 a6 12. Nbd2 Rfe8 13. Nb3 e5 14. Na5 Ra7 15.
dxe5 Nxe5 16. Nd4 Bg4 17. h3 Bc8 18. g4 Nfd7 19. Rd1 Nf8 20. Bd2 Nxg4 21. Naxc6
bxc6 22. Nxc6 Rc7 23. Bxd5 Nf6 24. Bf3 Ne4 25. Nb8 Bxb2 26. Nxa6 Bxa6 27. Rxa6
Nxd2 28. Rxd2 Bc3 29. Rd1 Bxb4 30. c6 Ne6 31. Rb6 Bc5 32. Rb7 Ree7 33. Rd7
Rcxd7 34. cxd7 Nd8 35. Rc7 Bb6 0-1

[Event "SR 2. liga A 2014/2015"]
[Site "?"]
[Date "2014.11.08"]
[Round "3.4"]
[White "Oprea, Erik"]
[Black "Spacek, Oliver"]
[Result "1-0"]
[WhiteElo "2163"]
[BlackElo "2011"]
[PlyCount "46"]
[EventDate "2014.??.??"]

1. c4 c5 2. Nc3 Nc6 3. g3 Nf6 4. Bg2 e6 5. e4 g6 6. Nge2 Bg7 7. d3 O-O 8. Be3
d6 9. h3 Nd7 10. Qd2 Nd4 11. O-O Qb6 12. Rab1 Ne5 13. f4 Nec6 14. Kh1 f5 15. b4
Qc7 16. bxc5 dxc5 17. e5 Qa5 18. Rb2 Rd8 19. Bxd4 Nxd4 20. Nxd4 cxd4 21. Nb5
Qxd2 22. Rxd2 Bf8 23. Rb1 Bc5 1-0

[Event "SR 2. liga A 2014/2015"]
[Site "?"]
[Date "2014.11.08"]
[Round "3.4"]
[White "Jablonicky, Martin"]
[Black "Sosovicka, Matej"]
[Result "1-0"]
[WhiteElo "1949"]
[BlackElo "2155"]
[PlyCount "119"]
[EventDate "2014.??.??"]

1. d4 d5 2. Nf3 Nf6 3. c4 c6 4. Nc3 e6 5. g3 Nbd7 6. Qd3 Bd6 7. Bg2 O-O 8. O-O
dxc4 9. Qxc4 e5 10. dxe5 Nxe5 11. Nxe5 Bxe5 12. Be3 Be6 13. Qb4 Bxc3 14. Qxc3
Nd5 15. Bxd5 Bxd5 16. Bd4 Qg5 17. f3 f5 18. Rae1 b6 19. e4 fxe4 20. fxe4 Rxf1+
21. Kxf1 Rf8+ 22. Kg1 Be6 23. Qxc6 Bh3 24. Qd5+ Qxd5 25. exd5 Kf7 26. d6 Kg6
27. Be5 Re8 28. Kf2 Kf5 29. Bxg7 Rxe1 30. Kxe1 Ke6 31. Bf8 a6 32. Kd2 Kd5 33.
Ke3 Ke5 34. Kf3 h5 35. Be7 b5 36. a3 Bd7 37. Kg2 Bc8 38. Kf3 Bd7 39. Ke3 Bc8
40. Kd3 Kd5 41. Kc3 Bd7 42. Kb4 Kc6 43. a4 Kb6 44. axb5 axb5 45. Kc3 Kc5 46.
Kd3 Kd5 47. Ke3 Ke5 48. Kf2 Bc8 49. Kg2 Bd7 50. h3 Bc8 51. g4 hxg4 52. h4 Kf5
53. h5 Bd7 54. Kf2 Bc8 55. Ke3 Bd7 56. b4 Bc6 57. Kd4 g3 58. Bh4 g2 59. Bf2 Bd7
60. Kc5 1-0

[Event "SR 2. liga A 2014/2015"]
[Site "?"]
[Date "2014.11.08"]
[Round "3.4"]
[White "Hricak, Vasil"]
[Black "Polasek, Filip"]
[Result "1/2-1/2"]
[WhiteElo "2090"]
[BlackElo "2122"]
[PlyCount "24"]
[EventDate "2014.??.??"]

1. e4 e5 2. Nf3 Nc6 3. Bc4 Bc5 4. b4 Bxb4 5. c3 Ba5 6. d4 exd4 7. O-O d6 8.
cxd4 Bg4 9. Qb3 Bxf3 10. Bxf7+ Kf8 11. Bxg8 Rxg8 12. Qxf3+ Qf6 1/2-1/2

[Event "SR 2. liga A 2014/2015"]
[Site "?"]
[Date "2014.11.08"]
[Round "3.4"]
[White "Szollos, Ondrej"]
[Black "Danada, Ondrej"]
[Result "0-1"]
[WhiteElo "1972"]
[BlackElo "1870"]
[PlyCount "116"]
[EventDate "2014.??.??"]

1. Nf3 c5 2. e4 d6 3. Be2 Nc6 4. c3 Nf6 5. d3 g6 6. h3 Bg7 7. Be3 b5 8. O-O O-O
9. Re1 Rb8 10. Nbd2 e5 11. Nf1 Nh5 12. d4 Qe7 13. d5 Nd8 14. N3h2 Nf4 15. Bg4
f5 16. exf5 gxf5 17. Bf3 Qg5 18. Kh1 Qf6 19. Bxf4 exf4 20. Qd2 Bh6 21. Re2 Nf7
22. Qc2 Ne5 23. Nd2 Kh8 24. Rg1 Bb7 25. Qd1 Rg8 26. Nb3 b4 27. Na5 Ba6 28. c4
Bxc4 29. Nxc4 Nxc4 30. Re6 Qh4 31. Qc2 Ne5 32. Rxd6 Rg6 33. Rxg6 hxg6 34. Qxc5
Bg7 35. Qc2 Rd8 36. Qe2 Qe7 37. Rd1 Qc5 38. Qd2 Rd6 39. Qxf4 Nxf3 40. Nxf3 Bxb2
41. Qh6+ Kg8 42. Ng5 Qc7 43. Re1 Qd7 44. h4 Bc3 45. Re2 a5 46. h5 gxh5 47. Qxh5
Kf8 48. Ne6+ Kg8 49. Qg6+ Bg7 50. Qh5 Rxd5 51. Nxg7 Rd1+ 52. Kh2 Kxg7 53. Re3
Rd6 54. Rg3+ Kf6 55. Qh8+ Ke6 56. f4 Kd5 57. Qe5+ Kc6 58. Rg7 Rh6+ 0-1

[Event "SR 2. liga A 2014/2015"]
[Site "?"]
[Date "2014.11.08"]
[Round "3.4"]
[White "Skapik, Branislav"]
[Black "Kucera, Michal"]
[Result "1-0"]
[WhiteElo "1822"]
[BlackElo "1934"]
[PlyCount "73"]
[EventDate "2014.??.??"]

1. Nf3 d5 2. g3 Nf6 3. Bg2 e6 4. d4 Be7 5. O-O O-O 6. Nbd2 b6 7. b3 Bb7 8. Bb2
Nbd7 9. Rc1 Qb8 10. c4 c6 11. Re1 Rc8 12. e4 dxe4 13. Nxe4 Nxe4 14. Rxe4 Nf6
15. Re1 Rd8 16. Ne5 Qd6 17. Qc2 Rac8 18. Qe2 Qb8 19. Qf3 Rc7 20. c5 b5 21. Bc3
Rf8 22. Ba5 Rcc8 23. g4 Bd8 24. Bxd8 Rcxd8 25. Nxc6 Bxc6 26. Qxc6 Nxg4 27. h3
Nf6 28. Rcd1 Nd5 29. Bxd5 Rxd5 30. Re4 Rfd8 31. a4 bxa4 32. Qxa4 e5 33. c6 h5
34. Qc4 Qc7 35. b4 f5 36. Rxe5 Qf7 37. c7 1-0

[Event "SR 2. liga A 2014/2015"]
[Site "?"]
[Date "2014.11.08"]
[Round "3.5"]
[White "Balogh, Tomas"]
[Black "Liptak, Tomas"]
[Result "0-1"]
[WhiteElo "2358"]
[BlackElo "2168"]
[PlyCount "88"]
[EventDate "2014.??.??"]

1. d4 Nf6 2. c4 g6 3. Nc3 Bg7 4. e4 d6 5. Nf3 O-O 6. h3 e5 7. dxe5 dxe5 8. Qxd8
Rxd8 9. Bg5 Re8 10. Nd5 Nxd5 11. cxd5 c6 12. Bc4 b5 13. Bb3 a5 14. a4 Bd7 15.
axb5 cxb5 16. O-O a4 17. Rfc1 Na6 18. Bd1 f6 19. Be3 Bf8 20. Ne1 Rec8 21. Nd3
Rxc1 22. Rxc1 Rc8 23. Rxc8 Bxc8 24. Kf1 Bd7 25. Ke1 Bd6 26. Kd2 b4 27. Be2 Bb5
28. Nc1 Bxe2 29. Nxe2 Bc5 30. Kd3 Bxe3 31. fxe3 Nc5+ 32. Kc4 a3 33. bxa3 bxa3
34. Nc1 Nxe4 35. Kb4 Kf7 36. Na2 Nd2 37. Kc3 Nf1 38. Kd3 Ke7 39. Nc3 f5 40. e4
f4 41. Ke2 Ng3+ 42. Kd3 g5 43. Kc2 h5 44. Kb3 g4 0-1

[Event "SR 2. liga A 2014/2015"]
[Site "?"]
[Date "2014.11.08"]
[Round "3.5"]
[White "Arendas, Marek"]
[Black "Slacky, Stanislav"]
[Result "1/2-1/2"]
[WhiteElo "2104"]
[BlackElo "2191"]
[PlyCount "38"]
[EventDate "2014.??.??"]

1. e4 Nc6 2. Nc3 Nf6 3. Nf3 d6 4. d4 g6 5. h3 Bg7 6. Be3 O-O 7. Qd2 a6 8. Bh6
b5 9. a3 Bb7 10. Bxg7 Kxg7 11. Rd1 e5 12. d5 Nb8 13. g3 Nbd7 14. Bg2 Nb6 15.
O-O Bc8 16. Nh2 Nc4 17. Qc1 Rb8 18. b3 Nxa3 19. Qxa3 b4 1/2-1/2

[Event "SR 2. liga A 2014/2015"]
[Site "?"]
[Date "2014.11.08"]
[Round "3.5"]
[White "Micek, Jaroslav"]
[Black "Puskar, Peter"]
[Result "0-1"]
[WhiteElo "2112"]
[BlackElo "2051"]
[PlyCount "76"]
[EventDate "2014.??.??"]

1. d4 e6 2. Nf3 Nf6 3. e3 b6 4. Bd3 Bb7 5. O-O Be7 6. c4 O-O 7. Nc3 d5 8. cxd5
exd5 9. Qc2 Nbd7 10. Bd2 c5 11. b3 Re8 12. Rfd1 Rc8 13. dxc5 bxc5 14. Be2 Bd6
15. Rac1 Bb8 16. Qf5 a6 17. Na4 Qe7 18. Re1 Ne4 19. Ba5 Qd6 20. Nc3 Ne5 21. g3
g6 22. Qh3 Nxf3+ 23. Bxf3 Ng5 24. Qg2 Nxf3+ 25. Qxf3 Bc6 26. Rcd1 Re5 27. Qg4
Rce8 28. Ne2 Rf5 29. Qh3 d4 30. Nf4 Qf6 31. Bd2 Bxf4 32. gxf4 Re7 33. Qg3 Qd6
34. h3 Qd5 35. Qh2 Qf3 36. Bc1 g5 37. Ba3 gxf4 38. Bxc5 Ree5 0-1

[Event "SR 2. liga A 2014/2015"]
[Site "?"]
[Date "2014.11.08"]
[Round "3.5"]
[White "Puchart, Vladimir"]
[Black "Dujava, Daniel"]
[Result "1-0"]
[WhiteElo "2031"]
[BlackElo "2078"]
[PlyCount "61"]
[EventDate "2014.??.??"]

1. d4 Nf6 2. c4 e6 3. g3 d5 4. Bg2 dxc4 5. Nf3 Nc6 6. O-O Be7 7. Qa4 O-O 8.
Qxc4 Rb8 9. Nc3 Nd5 10. Ne4 Ncb4 11. Bg5 b6 12. Rfe1 Bb7 13. Rac1 Rc8 14. a3
Na6 15. Qa4 Qe8 16. Qxe8 Rfxe8 17. Bxe7 Rxe7 18. Ne5 c5 19. dxc5 Nxc5 20. Nd6
Rf8 21. Nxb7 Rxb7 22. b4 Nd7 23. Nc6 Rc7 24. Ne7+ Kh8 25. Nxd5 Rxc1 26. Rxc1
exd5 27. Bxd5 Nf6 28. Bb3 a5 29. Rc7 axb4 30. axb4 Kg8 31. Rb7 1-0

[Event "SR 2. liga A 2014/2015"]
[Site "?"]
[Date "2014.11.08"]
[Round "3.5"]
[White "Pytlik, Pavol"]
[Black "Doucha, Ludvik"]
[Result "1-0"]
[WhiteElo "2027"]
[BlackElo "2006"]
[PlyCount "71"]
[EventDate "2014.??.??"]

1. e4 e5 2. Nc3 Nf6 3. g3 Nc6 4. Bg2 Be7 5. Nge2 d6 6. Nd5 Nxd5 7. exd5 Nd4 8.
Nxd4 exd4 9. d3 O-O 10. O-O Bf6 11. b3 Bd7 12. Bb2 Re8 13. Re1 Rxe1+ 14. Qxe1
Qe8 15. Qb4 a5 16. Qxb7 Qc8 17. Qxc8+ Rxc8 18. a4 c5 19. dxc6 Bxc6 20. Bxc6
Rxc6 21. Re1 Kf8 22. Re2 h5 23. h3 g6 24. Kg2 Kg7 25. Kf1 d5 26. Ke1 Rc7 27.
Kd1 Rc8 28. Bc1 Rb8 29. Bf4 Rc8 30. Bd2 Ra8 31. Kc1 Kf8 32. Kb2 Kg7 33. Ka3 Kf8
34. b4 axb4+ 35. Bxb4+ Kg7 36. a5 1-0

[Event "SR 2. liga A 2014/2015"]
[Site "?"]
[Date "2014.11.08"]
[Round "3.5"]
[White "Mosny, Jaroslav"]
[Black "Prochazka, Jaromir"]
[Result "1/2-1/2"]
[WhiteElo "1998"]
[BlackElo "1945"]
[PlyCount "24"]
[EventDate "2014.??.??"]

1. d4 Nf6 2. Nf3 e6 3. e3 b6 4. Bd3 Bb7 5. Nbd2 c5 6. O-O Nc6 7. b3 Be7 8. a3
O-O 9. Bb2 Qc7 10. c4 Rac8 11. Qe2 Rfd8 12. Rfd1 d5 1/2-1/2

[Event "SR 2. liga A 2014/2015"]
[Site "?"]
[Date "2014.11.08"]
[Round "3.5"]
[White "Novak, Martin"]
[Black "Sturdik, Igor"]
[Result "0-1"]
[WhiteElo "1791"]
[BlackElo "1990"]
[PlyCount "60"]
[EventDate "2014.??.??"]

1. Nf3 Nf6 2. d3 d5 3. g3 g6 4. Bg2 Bg7 5. O-O O-O 6. c3 c5 7. Qc2 Nc6 8. e4 e5
9. Bg5 dxe4 10. dxe4 h6 11. Rd1 Qc7 12. Bxf6 Bxf6 13. Na3 a6 14. Nc4 Be6 15.
Ne3 Rad8 16. b3 Bg7 17. Ne1 f5 18. Nd3 b6 19. f4 Ne7 20. Re1 fxe4 21. Bxe4 exf4
22. Nxf4 Rxf4 23. gxf4 Qxf4 24. Ng2 Qg5 25. Re3 Nf5 26. Bxf5 Bxf5 27. Qe2 Bg4
28. Re8+ Kh7 29. Qe3 Rxe8 30. Qxe8 Bf3 0-1

[Event "SR 2. liga A 2014/2015"]
[Site "?"]
[Date "2014.11.08"]
[Round "3.5"]
[White "Hagara, Vladimir"]
[Black "Kis, Tomas"]
[Result "1/2-1/2"]
[WhiteElo "1906"]
[BlackElo "1745"]
[PlyCount "30"]
[EventDate "2014.??.??"]

1. c4 c5 2. Nc3 e6 3. g3 Nf6 4. Bg2 Nc6 5. Nf3 Be7 6. O-O O-O 7. d4 d5 8. cxd5
Nxd5 9. Nxd5 exd5 10. h3 c4 11. Bd2 Bf5 12. a3 a5 13. a4 Bf6 14. Bc3 Rb8 15.
Qd2 Re8 1/2-1/2

[Event "SR 2. liga A 2014/2015"]
[Site "?"]
[Date "2014.11.08"]
[Round "3.6"]
[White "Janos, Martin"]
[Black "Lanc, Alois"]
[Result "1/2-1/2"]
[WhiteElo "2215"]
[BlackElo "2344"]
[PlyCount "88"]
[EventDate "2014.??.??"]

1. d4 Nf6 2. Nf3 g6 3. c4 d6 4. Nc3 Nbd7 5. g3 Bg7 6. Bg2 O-O 7. O-O e5 8. b3
Re8 9. e3 c6 10. Bb2 e4 11. Nd2 d5 12. b4 Nf8 13. Rc1 h5 14. Qc2 Bf5 15. b5 h4
16. Qa4 hxg3 17. hxg3 Bd7 18. Qb3 Be6 19. Qa4 N8d7 20. bxc6 Nb6 21. Qa5 bxc6
22. c5 Nbd7 23. Qxd8 Rexd8 24. Nb3 Rab8 25. Rb1 a5 26. Ba3 Ne8 27. Rfc1 Nc7 28.
Bf1 Bg4 29. Nd2 Ne6 30. Rxb8 Rxb8 31. Rb1 Rxb1 32. Ncxb1 a4 33. Bb2 Bd1 34. Bc3
f5 35. Ba6 Kf7 36. Kf1 g5 37. Ke1 Bh5 38. Bc8 Ke7 39. Nf1 Nc7 40. Ba5 Nb5 41.
Bxd7 Kxd7 42. Nc3 Nxc3 43. Bxc3 Kc8 44. Nd2 Kb7 1/2-1/2

[Event "SR 2. liga A 2014/2015"]
[Site "?"]
[Date "2014.11.08"]
[Round "3.6"]
[White "Sekera, Branislav"]
[Black "Certek, Pavel"]
[Result "0-1"]
[WhiteElo "2207"]
[BlackElo "2267"]
[PlyCount "94"]
[EventDate "2014.??.??"]

1. Nf3 d5 2. d4 Nf6 3. e3 c5 4. c4 cxd4 5. exd4 g6 6. Nc3 Bg7 7. Qb3 O-O 8.
cxd5 Nbd7 9. Bg5 Nb6 10. Bxf6 Bxf6 11. Bd3 e6 12. O-O Nxd5 13. Nxd5 Qxd5 14.
Qxd5 exd5 15. Ne5 Bd8 16. h3 Bb6 17. Nf3 Be6 18. Rac1 Rac8 19. a3 a6 20. Rfe1
Rfe8 21. Rc2 Kg7 22. Rce2 Kf6 23. g4 Red8 24. Kg2 Rc7 25. Bc2 Rdc8 26. Bb3 Ba5
27. Rd1 Rc1 28. g5+ Kg7 29. Rxc1 Rxc1 30. Re5 Bc7 31. Re2 Bf4 32. h4 h6 33.
gxh6+ Kxh6 34. Ne5 Rc7 35. Nd3 Bd6 36. Re1 Rc6 37. Re2 Kh5 38. Re1 Rb6 39. Bd1+
Kh6 40. b4 a5 41. Nc5 axb4 42. Nxe6 fxe6 43. Rxe6 bxa3 44. Bc2 a2 45. Re1 Rb2
46. Bd3 Bb4 47. Re6 Kg7 0-1

[Event "SR 2. liga A 2014/2015"]
[Site "?"]
[Date "2014.11.08"]
[Round "3.6"]
[White "Tepper, Frantisek"]
[Black "Kavon, Rastislav"]
[Result "1/2-1/2"]
[WhiteElo "2158"]
[BlackElo "2153"]
[PlyCount "45"]
[EventDate "2014.??.??"]

1. e4 e5 2. Nf3 Nc6 3. Nc3 Nf6 4. Bb5 d6 5. d4 exd4 6. Nxd4 Bd7 7. Nxc6 Bxc6 8.
Bxc6+ bxc6 9. O-O Be7 10. f4 O-O 11. Qf3 Nd7 12. Bd2 Rb8 13. b3 Bf6 14. Rae1
Re8 15. e5 dxe5 16. Qxc6 Rb6 17. Qf3 Rbe6 18. f5 Rb6 19. Ne4 Be7 20. Be3 Ra6
21. Rd1 Qc8 22. a4 Nf6 23. Rd3 1/2-1/2

[Event "SR 2. liga A 2014/2015"]
[Site "?"]
[Date "2014.11.08"]
[Round "3.6"]
[White "Lukac, Tomas"]
[Black "Janos, Jozef"]
[Result "1/2-1/2"]
[WhiteElo "2049"]
[BlackElo "2151"]
[PlyCount "91"]
[EventDate "2014.??.??"]

1. d4 Nf6 2. c4 g6 3. Nc3 Bg7 4. e4 d6 5. Nf3 O-O 6. h3 e5 7. dxe5 dxe5 8. Be3
Nc6 9. Be2 Be6 10. O-O h6 11. Re1 Kh7 12. Qa4 Nd7 13. Rad1 Qc8 14. c5 Re8 15.
Bb5 Ndb8 16. Re2 Rf8 17. Bc4 Bxc4 18. Qxc4 Nd8 19. Nh2 Ne6 20. Nd5 c6 21. Nc3
Nd7 22. Red2 Nf6 23. Nf3 Nh5 24. b4 Nhf4 25. Na4 Qe8 26. Qc2 Qe7 27. Bxf4 Nxf4
28. Rd7 Qf6 29. R1d6 Ne6 30. Rxb7 Rfb8 31. Rxb8 Rxb8 32. a3 Rc8 33. Nb2 Qf4 34.
Nc4 Nd4 35. Nxd4 exd4 36. Na5 Be5 37. Rxc6 Qh2+ 38. Kf1 Rd8 39. Qd3 Qh1+ 40.
Ke2 Qxg2 41. Nb7 Rd7 42. Nd6 Qh1 43. Qf3 Qb1 44. Qd3 Qb2+ 45. Kf1 Qc1+ 46. Ke2
1/2-1/2

[Event "SR 2. liga A 2014/2015"]
[Site "?"]
[Date "2014.11.08"]
[Round "3.6"]
[White "Fabry, Robert"]
[Black "Horecky, Peter"]
[Result "1-0"]
[WhiteElo "2129"]
[BlackElo "1985"]
[PlyCount "61"]
[EventDate "2014.??.??"]

1. e4 g6 2. d4 Bg7 3. f4 d6 4. Nf3 Nf6 5. Nc3 O-O 6. e5 Nfd7 7. Bc4 Nb6 8. Be2
dxe5 9. dxe5 Nc6 10. Be3 Be6 11. Ng5 Qxd1+ 12. Rxd1 Bc4 13. Bxb6 Bxe2 14. Kxe2
cxb6 15. Rd7 Bh6 16. h4 Rfd8 17. Rhd1 f6 18. exf6 exf6 19. Nge4 Bg7 20. Nd5 f5
21. Ne7+ Kf8 22. Nxc6 Rxd7 23. Rxd7 bxc6 24. Nd6 Bxb2 25. Rxh7 Rd8 26. Nc4 Bg7
27. h5 Rd4 28. Ne3 Rxf4 29. hxg6 Bd4 30. Rf7+ Kg8 31. Nxf5 1-0

[Event "SR 2. liga A 2014/2015"]
[Site "?"]
[Date "2014.11.08"]
[Round "3.6"]
[White "Kozinka, Roman"]
[Black "Slapak, Zdenek"]
[Result "1-0"]
[WhiteElo "2001"]
[BlackElo "2091"]
[PlyCount "55"]
[EventDate "2014.??.??"]

1. e4 c5 2. Nf3 d6 3. d4 cxd4 4. Nxd4 Nf6 5. Nc3 a6 6. Be2 e6 7. O-O Be7 8. f4
Qc7 9. Bf3 O-O 10. Kh1 Nbd7 11. a4 Rb8 12. a5 Re8 13. g4 Nf8 14. g5 N6d7 15.
Bg2 b5 16. axb6 Nxb6 17. f5 e5 18. Nb3 Qd8 19. Na5 Bd7 20. h4 f6 21. Qh5 g6 22.
Qh6 d5 23. Nxd5 Nxd5 24. exd5 gxf5 25. d6 Bxd6 26. gxf6 Ne6 27. f7+ Kxf7 28.
Qxh7+ 1-0

[Event "SR 2. liga A 2014/2015"]
[Site "?"]
[Date "2014.11.08"]
[Round "3.6"]
[White "Kuna, Vladimir"]
[Black "Brisudova, Veronika"]
[Result "1-0"]
[WhiteElo "1989"]
[BlackElo "1902"]
[PlyCount "135"]
[EventDate "2014.??.??"]

1. d4 f5 2. Nf3 g6 3. c4 Nf6 4. Nc3 Bg7 5. g3 O-O 6. Bg2 d6 7. O-O Qe8 8. d5
Na6 9. Nd4 Nc5 10. Ncb5 Na6 11. Re1 Bd7 12. Nc3 Rb8 13. Bg5 Kh8 14. Qd2 e5 15.
dxe6 Bxe6 16. e4 Bxc4 17. exf5 Qd7 18. Ne6 Bxe6 19. fxe6 Qe8 20. Re2 Ng4 21. e7
Rf5 22. Be4 Ne5 23. f4 Rxg5 24. fxg5 Nc5 25. Bg2 Qxe7 26. Rf1 c6 27. b3 Ne6 28.
h4 Qc7 29. Ne4 d5 30. Nf6 Nc5 31. Qe3 Ncd3 32. Rd1 Qd6 33. Rxd3 Nxd3 34. Qxd3
Bxf6 35. gxf6 Qxf6 36. Qe3 Rf8 37. Qxa7 Rf7 38. Qb8+ Kg7 39. Qe5 Qxe5 40. Rxe5
Kf6 41. Re2 Rd7 42. Kf2 h6 43. Bh3 Rd6 44. Ke3 c5 45. Kd3 b5 46. Rc2 c4+ 47.
Kd4 Rd8 48. Re2 g5 49. Re6+ Kg7 50. h5 Ra8 51. Re2 Ra3 52. Rb2 Ra7 53. Bf5 Rc7
54. b4 c3 55. Rc2 Rc4+ 56. Kxd5 Rxb4 57. Rxc3 Rb2 58. a3 g4 59. Kc5 Kf6 60.
Bxg4 Kg5 61. Bd7 Kxh5 62. Bxb5 Kg4 63. Bd7+ Kg5 64. a4 Ra2 65. Kb6 Rb2+ 66. Kc7
Ra2 67. Rc5+ Kf6 68. g4 1-0

[Event "SR 2. liga A 2014/2015"]
[Site "?"]
[Date "2014.11.08"]
[Round "3.6"]
[White "Mackovic, Miroslav"]
[Black "Klimes, Milan"]
[Result "1-0"]
[WhiteElo "1846"]
[BlackElo "1869"]
[PlyCount "155"]
[EventDate "2014.??.??"]

1. e4 c5 2. Nf3 d6 3. d4 cxd4 4. Nxd4 Nf6 5. Nc3 a6 6. Be2 e6 7. Be3 Be7 8. O-O
O-O 9. f4 Qc7 10. Bf3 Nc6 11. g4 Rd8 12. Qe2 d5 13. e5 Ne4 14. Nxc6 Qxc6 15.
Bxe4 dxe4 16. Bf2 b5 17. Qxe4 Bb7 18. Qxc6 Bxc6 19. Be3 b4 20. Ne2 Bb5 21. Rfe1
Bh4 22. Ng3 Rac8 23. Rac1 h6 24. Kf2 Rc6 25. c3 bxc3 26. Rxc3 Rxc3 27. bxc3 Rd3
28. Rc1 Bc4 29. Rc2 f6 30. Bd4 Rd1 31. exf6 gxf6 32. Bc5 Kf7 33. Kg2 Ra1 34. a3
Bd5+ 35. Kh3 Bxg3 36. Kxg3 Rd1 37. Re2 Rd3+ 38. Re3 Rd2 39. h3 Kg6 40. Kh4 Rg2
41. Rg3 Rh2 42. Bf8 Rf2 43. Bd6 Re2 44. Rd3 Re4 45. Kg3 Rc4 46. h4 h5 47. f5+
Kh6 48. Bf4+ Kh7 49. fxe6 Bxe6 50. gxh5 Bf5 51. Re3 Be4 52. Kg4 f5+ 53. Kg5 Rc6
54. Be5 Re6 55. Bd4 Re8 56. h6 Re6 57. Bg7 Rg6+ 58. Kf4 Rg4+ 59. Ke5 Rxh4 60.
c4 Rh1 61. c5 Rd1 62. Rxe4 fxe4 63. Kxe4 Re1+ 64. Kd3 Rd1+ 65. Kc4 Rc1+ 66. Kd5
Rd1+ 67. Bd4 Re1 68. c6 Kxh6 69. c7 Re8 70. Kc6 a5 71. Kd7 Rf8 72. a4 Kg6 73.
c8=Q Rxc8 74. Kxc8 Kf5 75. Bb6 Ke5 76. Kb7 Kd5 77. Bxa5 Kc5 78. Be1 1-0

[Event "SR 2. liga A 2014/2015"]
[Site "?"]
[Date "2014.11.09"]
[Round "4.1"]
[White "Bronis, Marian"]
[Black "Cech, Dominik"]
[Result "1-0"]
[WhiteElo "2157"]
[BlackElo "2119"]
[PlyCount "83"]
[EventDate "2014.??.??"]

1. d4 Nf6 2. c4 e6 3. Nf3 b6 4. a3 Ba6 5. Qc2 c5 6. dxc5 bxc5 7. Bf4 Bb7 8. Nc3
Qa5 9. Nd2 d6 10. e3 a6 11. Rd1 Nh5 12. Bg5 Nd7 13. Be2 Nhf6 14. O-O Be7 15.
Nde4 Qc7 16. Bf4 Nxe4 17. Nxe4 e5 18. Bg5 f6 19. Bh4 O-O 20. Nc3 Rf7 21. Bg4
Nf8 22. f4 g6 23. f5 g5 24. Bg3 Nd7 25. h4 Rg7 26. Bf3 Nb6 27. hxg5 Rxg5 28.
Bh4 Bxf3 29. Rxf3 Rg4 30. Rg3 Rxg3 31. Bxg3 Bf8 32. Ne4 Qf7 33. Bh4 Qxc4 34.
Nxf6+ Kh8 35. Qf2 Be7 36. e4 Rf8 37. Nxh7 Rf7 38. Bxe7 Rxe7 39. Nf8 Rf7 40.
Qh4+ Kg8 41. Ng6 Rd7 42. Qh8+ 1-0

[Event "SR 2. liga A 2014/2015"]
[Site "?"]
[Date "2014.11.09"]
[Round "4.1"]
[White "Karas, Marek"]
[Black "Sukuba, Zdeno"]
[Result "1/2-1/2"]
[WhiteElo "2170"]
[BlackElo "2096"]
[PlyCount "56"]
[EventDate "2014.??.??"]

1. d4 Nf6 2. c4 e6 3. Nf3 d5 4. Nc3 Be7 5. Bg5 c6 6. e3 O-O 7. Qc2 Nbd7 8. Bd3
h6 9. Bh4 dxc4 10. Bxc4 Nd5 11. Bxe7 Qxe7 12. O-O N5b6 13. Bd3 e5 14. dxe5 Nxe5
15. Nxe5 Qxe5 16. Rad1 Be6 17. e4 Rad8 18. Ne2 Nd7 19. b4 Qc7 20. f4 Bg4 21. h3
Qb6+ 22. Kh1 Bxe2 23. Qxe2 Qxb4 24. Rb1 Qd4 25. Rfd1 Nc5 26. Bc2 Qc3 27. e5
Rfe8 28. Rbc1 Rxd1+ 1/2-1/2

[Event "SR 2. liga A 2014/2015"]
[Site "?"]
[Date "2014.11.09"]
[Round "4.1"]
[White "Povysil, Peter"]
[Black "Petrik, Stanislav"]
[Result "1-0"]
[WhiteElo "1997"]
[BlackElo "2147"]
[PlyCount "51"]
[EventDate "2014.??.??"]

1. d4 Nf6 2. c4 e6 3. Nc3 Bb4 4. Nf3 c5 5. g3 Bxc3+ 6. bxc3 Qa5 7. Bd2 Nc6 8.
Qc2 d6 9. Bg2 e5 10. O-O h6 11. dxe5 Nxe5 12. Nxe5 dxe5 13. Rab1 Qa6 14. Rb5
O-O 15. Be3 Nd7 16. Rd1 Re8 17. Qd3 Qxa2 18. Bd5 a6 19. Qg6 Nf8 20. Qxf7+ Kh7
21. Be4+ Kh8 22. Qxe8 Bf5 23. Qxa8 Bxe4 24. Qxf8+ Kh7 25. Rxb7 Bxb7 26. Qf5+
1-0

[Event "SR 2. liga A 2014/2015"]
[Site "?"]
[Date "2014.11.09"]
[Round "4.1"]
[White "Petrik, Karol"]
[Black "Mandak, Miroslav"]
[Result "1/2-1/2"]
[WhiteElo "2072"]
[BlackElo "2003"]
[PlyCount "39"]
[EventDate "2014.??.??"]

1. e4 e5 2. g3 Nf6 3. Bg2 Nc6 4. Ne2 d5 5. exd5 Nxd5 6. O-O Be6 7. d3 Be7 8.
Nd2 O-O 9. Re1 Bg4 10. h3 Bh5 11. Nf3 f5 12. c3 Kh8 13. Qb3 Nb6 14. d4 Bf7 15.
Qc2 e4 16. Nh2 Nd5 17. Nf4 Bd6 18. Nxd5 Bxd5 19. Nf1 Qd7 20. Be3 1/2-1/2

[Event "SR 2. liga A 2014/2015"]
[Site "?"]
[Date "2014.11.09"]
[Round "4.1"]
[White "Kebis, Milos"]
[Black "Polacik, Igor"]
[Result "0-1"]
[WhiteElo "1942"]
[BlackElo "2173"]
[PlyCount "72"]
[EventDate "2014.??.??"]

1. c4 c5 2. Nf3 Nc6 3. Nc3 g6 4. g3 Bg7 5. Bg2 e6 6. d3 Nge7 7. Bf4 e5 8. Bg5
h6 9. Bd2 O-O 10. O-O d6 11. a3 Be6 12. Rc1 Qd7 13. Ne1 Bh3 14. b4 Bxg2 15.
Nxg2 cxb4 16. axb4 d5 17. b5 Nd4 18. e3 Ne6 19. Qe2 Rfd8 20. Rfd1 d4 21. Na4
dxe3 22. Bxe3 Nf5 23. Nc3 Nfd4 24. Bxd4 Nxd4 25. Qe3 Kh7 26. Nd5 Qg4 27. Nc3 h5
28. Qe4 Qxe4 29. dxe4 Nf3+ 30. Kh1 Rd4 31. Rxd4 exd4 32. Nd5 Re8 33. Ra1 Rxe4
34. Rxa7 Re2 35. Nh4 Nxh4 36. gxh4 d3 0-1

[Event "SR 2. liga A 2014/2015"]
[Site "?"]
[Date "2014.11.09"]
[Round "4.1"]
[White "Krajnak, Robert"]
[Black "Mikulasek, Viktor"]
[Result "1-0"]
[WhiteElo "2103"]
[BlackElo "1889"]
[PlyCount "43"]
[EventDate "2014.??.??"]

1. c4 c5 2. Nc3 Nc6 3. Nf3 Nf6 4. d4 cxd4 5. Nxd4 Nxd4 6. Qxd4 e6 7. g3 Be7 8.
Bg2 O-O 9. O-O a6 10. Rd1 Qa5 11. Bf4 Ne8 12. Qd2 Bf6 13. Rac1 Be7 14. Nd5 Qd8
15. Nxe7+ Qxe7 16. c5 e5 17. Bg5 f6 18. Be3 Nc7 19. c6 bxc6 20. Bc5 Qe8 21.
Bxf8 Kxf8 22. Qd6+ 1-0